[Event "EYCC Open U20 2021"]
[Site "Tornelo"]
[Date "2021.10.15"]
[Round "9.1"]
[White "Pantzar, Milton"]
[Black "Garayev, Kanan"]
[Result "1/2-1/2"]
[WhiteElo "2413"]
[BlackElo "2339"]
[Annotator "ChessBase"]
[PlyCount "104"]
[EventDate "2021.10.15"]
[EventType "swiss"]
[EventCountry "NET"]
[SourceTitle "playchess.com"]
[Source "ChessBase"]
[SourceQuality "1"]
[TimeControl "5400+30"]

1. d4 {[%emt 0:00:30]} d5 {[%emt 0:00:34]} 2. Nf3 {[%emt 0:00:21]} e6 {[%emt 0:00:03]} 3. c4 {[%emt 0:00:36]} a6 {[%emt 0:00:04]} 4. cxd5 {[%emt 0:03:39]} exd5 {[%emt 0:00:03]} 5. Nc3 {[%emt 0:00:13]} c6 {[%emt 0:00:03]} 6. Qc2 {[%emt 0:03:15]} Bd6 {[%emt 0:00:39]} 7. Bg5 {[%emt 0:00:41]} Ne7 {[%emt 0:03:21]} 8. e3 {[%emt 0:01:54]} f6 {[%emt 0:06:19]} 9. Bh4 {[%emt 0:01:20]} Bf5 {[%emt 0:00:07]} 10. Bd3 {[%emt 0:01:02]} Bxd3 {[%emt 0:04:08]} 11. Qxd3 {[%emt 0:00:07]} O-O {[%emt 0:04:46]} 12. O-O {[%emt 0:05:36]} Ng6 {[%emt 0:07:41]} 13. e4 {[%emt 0:07:03]} Nf4 {[%emt 0:09:06]} 14. Qc2 {[%emt 0:01:43]} dxe4 {[%emt 0:19:30]} 15. Nxe4 {[%emt 0:01:08]} Nd5 {[%emt 0:04:18]} 16. Qb3 {[%emt 0:05:55]} Rf7 {[%emt 0:02:06]} 17. Rad1 {[%emt 0:12:21]} a5 {[%emt 0:01:31]} 18. a3 {[%emt 0:07:14]} Na6 {[%emt 0:02:47]} 19. Rfe1 {[%emt 0:01:21]} Bf8 {[%emt 0:01:24]} 20. Ne5 {[%emt 0:06:49]} Rc7 {[%emt 0:03:13]} 21. Rd3 {[%emt 0:10:31]} a4 {[%emt 0:04:35]} 22. Qd1 {[%emt 0:02:25]} Be7 {[%emt 0:03:10]} 23. Nf3 {[%emt 0:02:25]} Rd7 {[%emt 0:02:42]} 24. Bg3 {[%emt 0:00:38]} f5 {[%emt 0:01:55]} 25. Nc3 {[%emt 0:00:41]} Nxc3 {[%emt 0:01:35]} 26. bxc3 {[%emt 0:02:00]} Nc5 {[%emt 0:01:18]} 27. Rxe7 {[%emt 0:01:25]} Qxe7 {[%emt 0:00:42]} 28. dxc5 {[%emt 0:00:14]} Rxd3 {[%emt 0:00:01]} 29. Qxd3 {[%emt 0:00:11]} Qxc5 {[%emt 0:00:16]} 30. Ne5 {[%emt 0:11:27]} h6 {[%emt 0:04:20]} 31. c4 {[%emt 0:04:09]} Re8 {[%emt 0:01:05]} 32. Qxf5 {[%emt 0:00:28]} Qxc4 {[%emt 0:00:25]} 33. h3 {[%emt 0:01:24]} Qd5 {[%emt 0:01:58]} 34. Qf4 {[%emt 0:00:30]} b5 {[%emt 0:00:34]} 35. Ng4 {[%emt 0:02:38]} c5 {[%emt 0:00:02]} 36. Qc7 {[%emt 0:01:08]} b4 {[%emt 0:05:28]} 37. Be5 {[%emt 0:00:36]} Qf7 {[%emt 0:00:23]} 38. Qxc5 {[%emt 0:00:22]} bxa3 {[%emt 0:00:14]} 39. Bc3 {[%emt 0:01:37]} h5 {[%emt 0:01:51]} 40. Ne5 {[%emt 0:00:43]} Qb3 {[%emt 0:00:33]} 41. Qd4 {[%emt 0:01:32]} a2 {[%emt 0:01:27]} 42. Nf3 {[%emt 0:00:45]} Qb1+ {[%emt 0:02:00]} 43. Kh2 {[%emt 0:00:08]} Qg6 {[%emt 0:00:02]} 44. Qxa4 {[%emt 0:00:36]} Qe6 {[%emt 0:01:22]} 45. Qd4 {[%emt 0:00:19]} Qf6 {[%emt 0:00:08]} 46. Ne5 {[%emt 0:00:48]} Kh8 {[%emt 0:00:59]} 47. g3 {[%emt 0:00:49]} Rxe5 {[%emt 0:01:14]} 48. Qxe5 {[%emt 0:00:26]} Qxf2+ {[%emt 0:00:02]} 49. Kh1 {[%emt 0:00:13]} Qf1+ {[%emt 0:00:02]} 50. Kh2 {[%emt 0:00:08]} Qf2+ {[%emt 0:00:01]} 51. Kh1 {[%emt 0:00:08]} Qf1+ {[%emt 0:00:01]} 52. Kh2 {[%emt 0:00:05]} Qf2+ {[%emt 0:00:02]} 1/2-1/2

[Event "EYCC Open U20 2021"]
[Site "Tornelo"]
[Date "2021.10.15"]
[Round "9.2"]
[White "Bruaset, Eivind"]
[Black "Salemgareev, Tagir"]
[Result "0-1"]
[WhiteElo "2200"]
[BlackElo "2489"]
[Annotator "ChessBase"]
[PlyCount "90"]
[EventDate "2021.10.15"]
[EventType "swiss"]
[EventCountry "NET"]
[SourceTitle "playchess.com"]
[Source "ChessBase"]
[SourceQuality "1"]
[TimeControl "5400+30"]

1. e4 {[%emt 0:00:30]} c5 {[%emt 0:00:36]} 2. Nf3 {[%emt 0:00:08]} Nc6 {[%emt 0:00:04]} 3. d4 {[%emt 0:00:10]} cxd4 {[%emt 0:00:04]} 4. Nxd4 {[%emt 0:00:04]} e5 {[%emt 0:00:03]} 5. Nb5 {[%emt 0:00:12]} d6 {[%emt 0:00:03]} 6. N1c3 {[%emt 0:00:15]} a6 {[%emt 0:00:04]} 7. Na3 {[%emt 0:00:06]} b5 {[%emt 0:00:04]} 8. Nd5 {[%emt 0:00:08]} Nge7 {[%emt 0:00:03]} 9. Bd3 {[%emt 0:00:07]} Nxd5 {[%emt 0:01:59]} 10. exd5 {[%emt 0:00:08]} Ne7 {[%emt 0:00:38]} 11. c4 {[%emt 0:00:11]} Ng6 {[%emt 0:00:45]} 12. cxb5 {[%emt 0:04:58]} Be7 {[%emt 0:00:04]} 13. O-O {[%emt 0:01:03]} O-O {[%emt 0:00:03]} 14. Re1 {[%emt 0:05:19]} f5 {[%emt 0:02:33]} 15. bxa6 {[%emt 0:00:51]} f4 {[%emt 0:37:29]} 16. f3 {[%emt 0:08:08]} Bh4 {[%emt 0:00:45]} 17. Re4 {[%emt 0:02:30]} Rf5 {[%emt 0:02:56]} 18. Rb4 {[%emt 0:19:07]} Rh5 {[%emt 0:02:05]} 19. Bd2 {[%emt 0:01:37]} Qc7 {[%emt 0:01:58]} 20. Nb5 {[%emt 0:12:26]} Qc5+ {[%emt 0:00:18]} 21. Nd4 {[%emt 0:00:06]} exd4 {[%emt 0:00:40]} 22. Rc1 {[%emt 0:00:20]} Qa7 {[%emt 0:00:07]} 23. Rbc4 {[%emt 0:02:09]} Bxa6 {[%emt 0:03:10]} 24. Rc7 {[%emt 0:08:29]} Bb7 {[%emt 0:00:04]} 25. Qb3 {[%emt 0:00:20]} Rb8 {[%emt 0:00:04]} 26. R1c4 {[%emt 0:01:11]} Bd8 {[%emt 0:02:08]} 27. Ra4 {[%emt 0:04:16]} Qxa4 {[%emt 0:00:13]} 28. Qxa4 {[%emt 0:00:19]} Bxc7 {[%emt 0:00:02]} 29. Qd7 {[%emt 0:01:40]} Rc8 {[%emt 0:00:47]} 30. Bf5 {[%emt 0:06:24]} Rxf5 {[%emt 0:09:05]} 31. Qxf5 {[%emt 0:00:07]} Nf8 {[%emt 0:00:04]} 32. b4 {[%emt 0:03:46]} Ra8 {[%emt 0:10:51]} 33. Qc2 {[%emt 0:00:29]} Bb6 {[%emt 0:00:04]} 34. Qb3 {[%emt 0:00:24]} d3+ {[%emt 0:01:21]} 35. Kh1 {[%emt 0:00:36]} Be3 {[%emt 0:00:14]} 36. Bc3 {[%emt 0:02:44]} d2 {[%emt 0:01:13]} 37. a4 {[%emt 0:00:05]} Rc8 {[%emt 0:00:09]} 38. Bxd2 {[%emt 0:00:13]} Bxd2 {[%emt 0:00:03]} 39. g3 {[%emt 0:00:06]} Be3 {[%emt 0:01:39]} 40. Kg2 {[%emt 0:00:45]} Rc1 {[%emt 0:00:10]} 41. Kh3 {[%emt 0:01:53]} Bc8+ {[%emt 0:00:07]} 42. Kh4 {[%emt 0:00:14]} Rh1 {[%emt 0:01:40]} 43. Qc2 {[%emt 0:00:13]} Bf5 {[%emt 0:00:13]} 44. Qg2 {[%emt 0:04:10]} Rg1 {[%emt 0:00:10]} 45. Qe2 {[%emt 0:00:03]} fxg3 {[%emt 0:00:08]} 0-1

[Event "EYCC Open U20 2021"]
[Site "Tornelo"]
[Date "2021.10.15"]
[Round "9.3"]
[White "Kirilmaz, Emre"]
[Black "Murzin, Volodar"]
[Result "0-1"]
[WhiteElo "2147"]
[BlackElo "2513"]
[Annotator "ChessBase"]
[PlyCount "66"]
[EventDate "2021.10.15"]
[EventType "swiss"]
[EventCountry "NET"]
[SourceTitle "playchess.com"]
[Source "ChessBase"]
[SourceQuality "1"]
[TimeControl "5400+30"]

1. d4 {[%emt 0:00:30]} Nf6 {[%emt 0:00:34]} 2. c3 {[%emt 0:00:06]} g6 {[%emt 0:00:05]} 3. Bg5 {[%emt 0:00:07]} Bg7 {[%emt 0:00:03]} 4. Nd2 {[%emt 0:00:06]} O-O {[%emt 0:00:04]} 5. Ngf3 {[%emt 0:00:09]} d6 {[%emt 0:00:14]} 6. e4 {[%emt 0:00:10]} h6 {[%emt 0:00:28]} 7. Bh4 {[%emt 0:00:40]} c5 {[%emt 0:00:52]} 8. dxc5 {[%emt 0:03:53]} dxc5 {[%emt 0:00:18]} 9. Bc4 {[%emt 0:00:11]} Nc6 {[%emt 0:00:09]} 10. O-O {[%emt 0:00:36]} Nh5 {[%emt 0:00:22]} 11. Re1 {[%emt 0:01:11]} Qc7 {[%emt 0:01:08]} 12. Qe2 {[%emt 0:04:54]} e6 {[%emt 0:09:09]} 13. e5 {[%emt 0:08:22]} g5 {[%emt 0:06:18]} 14. Nxg5 {[%emt 0:01:09]} hxg5 {[%emt 0:16:36]} 15. Bxg5 {[%emt 0:09:00]} f6 {[%emt 0:00:27]} 16. Qxh5 {[%emt 0:30:58]} fxg5 {[%emt 0:00:10]} 17. Bd3 {[%emt 0:01:28]} Bxe5 {[%emt 0:08:57]} 18. Nf3 {[%emt 0:06:10]} Rxf3 {[%emt 0:02:38]} 19. gxf3 {[%emt 0:03:15]} Bf4 {[%emt 0:18:24]} 20. Rad1 {[%emt 0:06:16]} Qe7 {[%emt 0:11:41]} 21. Qg6+ {[%emt 0:07:05]} Kf8 {[%emt 0:00:31]} 22. Be4 {[%emt 0:08:13]} Qg7 {[%emt 0:05:05]} 23. Qh5 {[%emt 0:03:12]} Ke7 {[%emt 0:01:22]} 24. Bf5 {[%emt 0:02:42]} Ne5 {[%emt 0:01:17]} 25. Bg4 {[%emt 0:01:07]} Bd7 {[%emt 0:00:58]} 26. Qh3 {[%emt 0:00:49]} Rh8 {[%emt 0:03:43]} 27. Qf1 {[%emt 0:00:13]} Bxh2+ {[%emt 0:03:49]} 28. Kg2 {[%emt 0:00:08]} Bc6 {[%emt 0:01:01]} 29. Rxe5 {[%emt 0:00:17]} Bxe5 {[%emt 0:00:12]} 30. Qc4 {[%emt 0:00:09]} Qf6 {[%emt 0:02:08]} 31. Qxc5+ {[%emt 0:00:09]} Kf7 {[%emt 0:00:08]} 32. Re1 {[%emt 0:00:31]} Bxf3+ {[%emt 0:00:39]} 33. Bxf3 {[%emt 0:00:14]} Rh2+ {[%emt 0:00:04]} 0-1

[Event "EYCC Open U20 2021"]
[Site "Tornelo"]
[Date "2021.10.15"]
[Round "9.4"]
[White "Sokolovsky, Yahli"]
[Black "Dudin, Gleb"]
[Result "0-1"]
[WhiteElo "2422"]
[BlackElo "2438"]
[Annotator "ChessBase"]
[PlyCount "104"]
[EventDate "2021.10.15"]
[EventType "swiss"]
[EventCountry "NET"]
[SourceTitle "playchess.com"]
[Source "ChessBase"]
[SourceQuality "1"]
[TimeControl "5400+30"]

1. e4 {[%emt 0:00:40]} c5 {[%emt 0:05:07]} 2. Nf3 {[%emt 0:00:08]} d6 {[%emt 0:00:27]} 3. d4 {[%emt 0:00:12]} cxd4 {[%emt 0:00:10]} 4. Nxd4 {[%emt 0:00:03]} Nf6 {[%emt 0:00:03]} 5. Nc3 {[%emt 0:00:03]} a6 {[%emt 0:00:02]} 6. h3 {[%emt 0:00:02]} e5 {[%emt 0:00:05]} 7. Nb3 {[%emt 0:00:03]} Be7 {[%emt 0:00:11]} 8. g4 {[%emt 0:00:11]} h6 {[%emt 0:00:09]} 9. Be3 {[%emt 0:00:35]} Nbd7 {[%emt 0:00:17]} 10. a4 {[%emt 0:00:04]} Nf8 {[%emt 0:00:26]} 11. Qd2 {[%emt 0:00:43]} Ng6 {[%emt 0:02:31]} 12. O-O-O {[%emt 0:01:48]} Be6 {[%emt 0:00:19]} 13. Nd5 {[%emt 0:02:44]} Nxd5 {[%emt 0:07:49]} 14. exd5 {[%emt 0:00:04]} Bd7 {[%emt 0:00:04]} 15. a5 {[%emt 0:05:33]} Bg5 {[%emt 0:01:38]} 16. Qb4 {[%emt 0:15:55]} Qc7 {[%emt 0:03:07]} 17. Nd2 {[%emt 0:05:17]} Rc8 {[%emt 0:20:57]} 18. Nc4 {[%emt 0:00:28]} Ke7 {[%emt 0:00:38]} 19. Kb1 {[%emt 0:02:39]} Bxe3 {[%emt 0:01:18]} 20. fxe3 {[%emt 0:05:39]} Bb5 {[%emt 0:00:18]} 21. Na3 {[%emt 0:02:35]} Bxf1 {[%emt 0:07:07]} 22. Rhxf1 {[%emt 0:00:04]} Nf8 {[%emt 0:00:06]} 23. Qe4 {[%emt 0:22:47]} Nd7 {[%emt 0:02:46]} 24. Qf5 {[%emt 0:06:48]} Rhf8 {[%emt 0:04:17]} 25. Qh7 {[%emt 0:13:18]} Rg8 {[%emt 0:00:53]} 26. h4 {[%emt 0:04:11]} Nf6 {[%emt 0:01:15]} 27. Qf5 {[%emt 0:01:04]} Qd7 {[%emt 0:00:07]} 28. Qxd7+ {[%emt 0:04:23]} Nxd7 {[%emt 0:00:05]} 29. c4 {[%emt 0:02:01]} Nf6 {[%emt 0:05:34]} 30. Rg1 {[%emt 0:00:03]} h5 {[%emt 0:01:18]} 31. g5 {[%emt 0:01:34]} Ng4 {[%emt 0:01:10]} 32. Rg3 {[%emt 0:00:22]} f6 {[%emt 0:00:48]} 33. gxf6+ {[%emt 0:00:43]} gxf6 {[%emt 0:00:05]} 34. Rdg1 {[%emt 0:01:09]} Kf7 {[%emt 0:07:26]} 35. Rf1 {[%emt 0:01:03]} Nh2 {[%emt 0:00:51]} 36. Rxg8 {[%emt 0:00:09]} Rxg8 {[%emt 0:00:06]} 37. Rc1 {[%emt 0:01:20]} Nf3 {[%emt 0:11:06]} 38. c5 {[%emt 0:00:28]} dxc5 {[%emt 0:00:06]} 39. Rxc5 {[%emt 0:00:13]} Nxh4 {[%emt 0:00:22]} 40. Rc7+ {[%emt 0:00:27]} Kg6 {[%emt 0:00:04]} 41. d6 {[%emt 0:01:32]} Rd8 {[%emt 0:05:09]} 42. Nc4 {[%emt 0:00:10]} Nf3 {[%emt 0:01:45]} 43. d7 {[%emt 0:00:51]} h4 {[%emt 0:00:37]} 44. Nb6 {[%emt 0:00:50]} Kf7 {[%emt 0:00:17]} 45. Rc1 {[%emt 0:01:25]} h3 {[%emt 0:00:08]} 46. Rh1 {[%emt 0:00:10]} h2 {[%emt 0:00:08]} 47. Kc2 {[%emt 0:00:32]} e4 {[%emt 0:00:52]} 48. Kd1 {[%emt 0:00:16]} Ke7 {[%emt 0:00:30]} 49. Ke2 {[%emt 0:00:06]} Rg8 {[%emt 0:01:09]} 50. Nd5+ {[%emt 0:00:55]} Ke6 {[%emt 0:00:13]} 51. d8=Q {[%emt 0:01:05]} Rxd8 {[%emt 0:00:07]} 52. Nf4+ {[%emt 0:00:22]} Kf5 {[%emt 0:00:05]} 0-1

[Event "EYCC Open U20 2021"]
[Site "Tornelo"]
[Date "2021.10.15"]
[Round "9.5"]
[White "Stoleriu, George"]
[Black "Tryggestad, Andreas Garberg"]
[Result "1-0"]
[WhiteElo "2373"]
[BlackElo "2268"]
[Annotator "ChessBase"]
[PlyCount "107"]
[EventDate "2021.10.15"]
[EventType "swiss"]
[EventCountry "NET"]
[SourceTitle "playchess.com"]
[Source "ChessBase"]
[SourceQuality "1"]
[TimeControl "5400+30"]

1. e4 {[%emt 0:00:30]} c5 {[%emt 0:00:37]} 2. Nf3 {[%emt 0:00:06]} e6 {[%emt 0:00:07]} 3. d4 {[%emt 0:00:05]} cxd4 {[%emt 0:00:04]} 4. Nxd4 {[%emt 0:00:03]} Nc6 {[%emt 0:00:03]} 5. Nc3 {[%emt 0:00:05]} Qc7 {[%emt 0:00:04]} 6. Be3 {[%emt 0:00:10]} Nf6 {[%emt 0:01:11]} 7. f4 {[%emt 0:00:11]} Bb4 {[%emt 0:00:44]} 8. Ndb5 {[%emt 0:00:05]} Qa5 {[%emt 0:00:10]} 9. e5 {[%emt 0:00:08]} Nd5 {[%emt 0:00:09]} 10. Bd2 {[%emt 0:00:05]} Nxc3 {[%emt 0:00:05]} 11. bxc3 {[%emt 0:00:07]} Be7 {[%emt 0:00:08]} 12. c4 {[%emt 0:00:06]} Bb4 {[%emt 0:07:30]} 13. Bxb4 {[%emt 0:10:35]} Qxb4+ {[%emt 0:00:57]} 14. c3 {[%emt 0:00:08]} Qa5 {[%emt 0:00:05]} 15. Nd6+ {[%emt 0:02:03]} Ke7 {[%emt 0:06:10]} 16. Rc1 {[%emt 0:10:01]} f6 {[%emt 0:11:19]} 17. Qg4 {[%emt 0:03:15]} fxe5 {[%emt 0:10:02]} 18. Qxg7+ {[%emt 0:02:06]} Kxd6 {[%emt 0:00:15]} 19. Qxh8 {[%emt 0:00:05]} exf4 {[%emt 0:00:03]} 20. Qf8+ {[%emt 0:02:13]} Kc7 {[%emt 0:01:55]} 21. Qxf4+ {[%emt 0:03:33]} d6 {[%emt 0:00:05]} 22. Bd3 {[%emt 0:02:26]} Ne5 {[%emt 0:12:16]} 23. Bxh7 {[%emt 0:01:03]} Bd7 {[%emt 0:05:24]} 24. O-O {[%emt 0:01:23]} b6 {[%emt 0:04:47]} 25. Qd4 {[%emt 0:07:12]} Rh8 {[%emt 0:02:57]} 26. Be4 {[%emt 0:02:10]} Rh4 {[%emt 0:01:59]} 27. g3 {[%emt 0:02:37]} Rg4 {[%emt 0:00:07]} 28. Rcd1 {[%emt 0:02:03]} Qa3 {[%emt 0:02:42]} 29. Rf4 {[%emt 0:01:04]} Rg8 {[%emt 0:02:53]} 30. Bg2 {[%emt 0:04:41]} Rh8 {[%emt 0:03:31]} 31. Rf2 {[%emt 0:03:25]} Ba4 {[%emt 0:02:03]} 32. Re1 {[%emt 0:02:39]} Qc5 {[%emt 0:03:01]} 33. Qxc5+ {[%emt 0:02:57]} bxc5 {[%emt 0:00:21]} 34. Rb2 {[%emt 0:01:34]} Bc6 {[%emt 0:00:38]} 35. Rxe5 {[%emt 0:03:33]} dxe5 {[%emt 0:00:07]} 36. Bxc6 {[%emt 0:00:05]} Kxc6 {[%emt 0:00:03]} 37. Rd2 {[%emt 0:00:44]} a5 {[%emt 0:01:40]} 38. a4 {[%emt 0:00:25]} e4 {[%emt 0:02:06]} 39. h4 {[%emt 0:01:25]} e3 {[%emt 0:04:14]} 40. Rd3 {[%emt 0:02:16]} Rg8 {[%emt 0:02:42]} 41. Kg2 {[%emt 0:04:20]} Rg4 {[%emt 0:01:46]} 42. Rxe3 {[%emt 0:03:24]} Kd6 {[%emt 0:00:04]} 43. Kh3 {[%emt 0:03:36]} Rxc4 {[%emt 0:00:19]} 44. h5 {[%emt 0:00:14]} Ke7 {[%emt 0:05:08]} 45. h6 {[%emt 0:03:12]} Kf7 {[%emt 0:00:28]} 46. Rxe6 {[%emt 0:00:09]} Rxc3 {[%emt 0:00:11]} 47. Rc6 {[%emt 0:00:43]} Rc1 {[%emt 0:02:47]} 48. Kh4 {[%emt 0:00:21]} c4 {[%emt 0:00:21]} 49. Kg5 {[%emt 0:00:26]} Rd1 {[%emt 0:04:09]} 50. Rc7+ {[%emt 0:00:27]} Kg8 {[%emt 0:00:08]} 51. g4 {[%emt 0:00:35]} Rd5+ {[%emt 0:00:51]} 52. Kg6 {[%emt 0:00:07]} Rd6+ {[%emt 0:00:57]} 53. Kh5 {[%emt 0:00:03]} Rd4 {[%emt 0:00:42]} 54. g5 {[%emt 0:00:06]} 1-0

[Event "EYCC Open U20 2021"]
[Site "Tornelo"]
[Date "2021.10.15"]
[Round "9.6"]
[White "Rozen, Eytan"]
[Black "Koelle, Tobias"]
[Result "1/2-1/2"]
[WhiteElo "2386"]
[BlackElo "2393"]
[Annotator "ChessBase"]
[PlyCount "142"]
[EventDate "2021.10.15"]
[EventType "swiss"]
[EventCountry "NET"]
[SourceTitle "playchess.com"]
[Source "ChessBase"]
[SourceQuality "1"]
[TimeControl "5400+30"]

1. d4 {[%emt 0:00:30]} Nf6 {[%emt 0:00:37]} 2. Nf3 {[%emt 0:00:08]} d5 {[%emt 0:00:19]} 3. g3 {[%emt 0:00:05]} Bf5 {[%emt 0:03:47]} 4. Bg2 {[%emt 0:00:08]} e6 {[%emt 0:00:07]} 5. O-O {[%emt 0:00:06]} Be7 {[%emt 0:00:16]} 6. c4 {[%emt 0:00:12]} c6 {[%emt 0:01:05]} 7. Nbd2 {[%emt 0:00:33]} h6 {[%emt 0:00:34]} 8. b3 {[%emt 0:00:08]} O-O {[%emt 0:00:09]} 9. Bb2 {[%emt 0:00:06]} Ne4 {[%emt 0:03:16]} 10. a3 {[%emt 0:00:20]} Nd7 {[%emt 0:00:10]} 11. Nxe4 {[%emt 0:00:27]} Bxe4 {[%emt 0:00:34]} 12. Nd2 {[%emt 0:00:08]} Bxg2 {[%emt 0:00:17]} 13. Kxg2 {[%emt 0:00:03]} Nf6 {[%emt 0:03:07]} 14. Re1 {[%emt 0:00:16]} Qc7 {[%emt 0:03:15]} 15. e4 {[%emt 0:00:11]} dxe4 {[%emt 0:00:07]} 16. Nxe4 {[%emt 0:00:05]} Rad8 {[%emt 0:01:41]} 17. Qc2 {[%emt 0:05:29]} Nxe4 {[%emt 0:00:40]} 18. Rxe4 {[%emt 0:01:03]} Bf6 {[%emt 0:00:31]} 19. b4 {[%emt 0:01:58]} Rd7 {[%emt 0:02:03]} 20. Rae1 {[%emt 0:02:23]} Rfd8 {[%emt 0:03:23]} 21. d5 {[%emt 0:00:25]} cxd5 {[%emt 0:09:35]} 22. Bxf6 {[%emt 0:00:06]} dxe4 {[%emt 0:03:46]} 23. Bxd8 {[%emt 0:00:09]} Rxd8 {[%emt 0:00:23]} 24. Qxe4 {[%emt 0:00:09]} g6 {[%emt 0:05:56]} 25. h4 {[%emt 0:01:58]} h5 {[%emt 0:00:17]} 26. Re3 {[%emt 0:00:45]} a6 {[%emt 0:04:23]} 27. Rd3 {[%emt 0:05:55]} Ra8 {[%emt 0:04:05]} 28. c5 {[%emt 0:01:28]} Re8 {[%emt 0:14:00]} 29. Rd6 {[%emt 0:02:15]} Re7 {[%emt 0:01:51]} 30. Qd4 {[%emt 0:08:13]} Kh7 {[%emt 0:01:29]} 31. f4 {[%emt 0:07:25]} Qc8 {[%emt 0:03:44]} 32. Kg1 {[%emt 0:05:03]} e5 {[%emt 0:00:34]} 33. fxe5 {[%emt 0:00:25]} Qf5 {[%emt 0:01:58]} 34. Rf6 {[%emt 0:06:10]} Qb1+ {[%emt 0:00:12]} 35. Kg2 {[%emt 0:02:43]} Qe1 {[%emt 0:04:58]} 36. Rf2 {[%emt 0:02:40]} Qb1 {[%emt 0:02:17]} 37. Qd5 {[%emt 0:06:26]} Kg7 {[%emt 0:00:08]} 38. c6 {[%emt 0:12:07]} bxc6 {[%emt 0:00:07]} 39. Qxc6 {[%emt 0:00:07]} Kg8 {[%emt 0:00:30]} 40. Qxa6 {[%emt 0:03:40]} Qe4+ {[%emt 0:00:10]} 41. Kh2 {[%emt 0:00:05]} Rxe5 {[%emt 0:00:45]} 42. Qf6 {[%emt 0:00:38]} Qd5 {[%emt 0:01:05]} 43. b5 {[%emt 0:01:10]} Re1 {[%emt 0:00:55]} 44. Qf3 {[%emt 0:00:05]} Qe6 {[%emt 0:00:24]} 45. a4 {[%emt 0:00:57]} Ra1 {[%emt 0:00:42]} 46. Re2 {[%emt 0:08:55]} Ra2 {[%emt 0:00:49]} 47. Qa8+ {[%emt 0:01:25]} Kh7 {[%emt 0:00:17]} 48. Rg2 {[%emt 0:01:46]} Ra1 {[%emt 0:00:49]} 49. Rf2 {[%emt 0:01:02]} Ra2 {[%emt 0:04:47]} 50. Qf3 {[%emt 0:01:22]} Rxa4 {[%emt 0:00:28]} 51. Qxf7+ {[%emt 0:00:29]} Qxf7 {[%emt 0:00:07]} 52. Rxf7+ {[%emt 0:00:03]} Kh6 {[%emt 0:01:54]} 53. b6 {[%emt 0:10:49]} Rb4 {[%emt 0:00:08]} 54. b7 {[%emt 0:02:02]} Rb2+ {[%emt 0:01:21]} 55. Kg1 {[%emt 0:00:27]} g5 {[%emt 0:00:15]} 56. Kf1 {[%emt 0:00:58]} gxh4 {[%emt 0:00:24]} 57. gxh4 {[%emt 0:00:05]} Kg6 {[%emt 0:00:08]} 58. Rc7 {[%emt 0:00:48]} Kf5 {[%emt 0:00:15]} 59. Rg7 {[%emt 0:01:07]} Kf6 {[%emt 0:00:14]} 60. Rh7 {[%emt 0:00:06]} Kg6 {[%emt 0:00:10]} 61. Rc7 {[%emt 0:00:25]} Kf5 {[%emt 0:00:13]} 62. Ke1 {[%emt 0:00:04]} Kg4 {[%emt 0:00:09]} 63. Kd1 {[%emt 0:00:07]} Kxh4 {[%emt 0:00:13]} 64. Kc1 {[%emt 0:00:06]} Rb6 {[%emt 0:00:11]} 65. Kc2 {[%emt 0:01:07]} Kg4 {[%emt 0:03:06]} 66. Kc3 {[%emt 0:00:08]} h4 {[%emt 0:00:41]} 67. Rc4+ {[%emt 0:00:08]} Kf3 {[%emt 0:00:12]} 68. Rb4 {[%emt 0:00:08]} Rxb7 {[%emt 0:00:06]} 69. Rxb7 {[%emt 0:00:06]} h3 {[%emt 0:00:05]} 70. Rh7 {[%emt 0:00:05]} Kg2 {[%emt 0:00:17]} 71. Rxh3 {[%emt 0:00:33]} Kxh3 {[%emt 0:00:08]} 1/2-1/2

[Event "EYCC Open U20 2021"]
[Site "Tornelo"]
[Date "2021.10.15"]
[Round "9.7"]
[White "Ibrahimli, Murad"]
[Black "Ben Ari, Yannay"]
[Result "0-1"]
[WhiteElo "2435"]
[BlackElo "2416"]
[Annotator "ChessBase"]
[PlyCount "84"]
[EventDate "2021.10.15"]
[EventType "swiss"]
[EventCountry "NET"]
[SourceTitle "playchess.com"]
[Source "ChessBase"]
[SourceQuality "1"]
[TimeControl "5400+30"]

1. Nf3 {[%emt 0:00:30]} d5 {[%emt 0:04:42]} 2. g3 {[%emt 0:00:05]} Nc6 {[%emt 0:04:32]} 3. d4 {[%emt 0:00:15]} Bf5 {[%emt 0:00:06]} 4. c3 {[%emt 0:00:31]} Qd7 {[%emt 0:03:11]} 5. Qa4 {[%emt 0:01:13]} e6 {[%emt 0:06:07]} 6. Bg2 {[%emt 0:00:14]} h5 {[%emt 0:01:59]} 7. Nbd2 {[%emt 0:01:47]} Be7 {[%emt 0:08:32]} 8. b4 {[%emt 0:00:57]} a6 {[%emt 0:06:33]} 9. h3 {[%emt 0:05:03]} Nf6 {[%emt 0:02:47]} 10. Qd1 {[%emt 0:09:00]} Bd6 {[%emt 0:06:28]} 11. a4 {[%emt 0:07:42]} Qe7 {[%emt 0:12:23]} 12. Bb2 {[%emt 0:05:05]} Ne4 {[%emt 0:01:27]} 13. e3 {[%emt 0:02:05]} Qf6 {[%emt 0:05:43]} 14. Nxe4 {[%emt 0:03:37]} Bxe4 {[%emt 0:00:42]} 15. O-O {[%emt 0:01:24]} e5 {[%emt 0:07:54]} 16. c4 {[%emt 0:03:35]} Bxf3 {[%emt 0:18:43]} 17. Bxf3 {[%emt 0:00:26]} e4 {[%emt 0:05:03]} 18. Bg2 {[%emt 0:00:11]} Nxb4 {[%emt 0:00:27]} 19. c5 {[%emt 0:04:01]} Be7 {[%emt 0:00:05]} 20. Qb3 {[%emt 0:00:04]} a5 {[%emt 0:00:32]} 21. Bc3 {[%emt 0:02:30]} Qc6 {[%emt 0:00:06]} 22. f3 {[%emt 0:00:26]} f5 {[%emt 0:01:28]} 23. fxe4 {[%emt 0:00:04]} fxe4 {[%emt 0:00:04]} 24. Bxb4 {[%emt 0:01:01]} axb4 {[%emt 0:00:05]} 25. Rf5 {[%emt 0:00:02]} O-O-O {[%emt 0:00:30]} 26. Qxb4 {[%emt 0:00:52]} g6 {[%emt 0:00:55]} 27. Rf2 {[%emt 0:01:54]} h4 {[%emt 0:00:19]} 28. g4 {[%emt 0:00:59]} Bg5 {[%emt 0:01:24]} 29. Qb3 {[%emt 0:00:36]} Rhf8 {[%emt 0:00:12]} 30. Raf1 {[%emt 0:00:04]} Rxf2 {[%emt 0:01:15]} 31. Rxf2 {[%emt 0:00:04]} Qa6 {[%emt 0:00:24]} 32. Bf1 {[%emt 0:00:29]} Qa7 {[%emt 0:00:56]} 33. Rf7 {[%emt 0:00:34]} c6 {[%emt 0:00:06]} 34. Rg7 {[%emt 0:00:48]} Qb8 {[%emt 0:01:02]} 35. Bg2 {[%emt 0:01:09]} Rd7 {[%emt 0:00:46]} 36. Rxg6 {[%emt 0:00:48]} Bd8 {[%emt 0:00:03]} 37. Qc2 {[%emt 0:07:27]} Rf7 {[%emt 0:00:04]} 38. Qe2 {[%emt 0:05:03]} Qg3 {[%emt 0:00:06]} 39. Rg8 {[%emt 0:01:12]} Kd7 {[%emt 0:01:00]} 40. Rxd8+ {[%emt 0:00:24]} Kxd8 {[%emt 0:00:04]} 41. Qd2 {[%emt 0:00:47]} Ke8 {[%emt 0:00:31]} 42. a5 {[%emt 0:01:29]} Kf8 {[%emt 0:00:24]} 0-1